MARC details
| 000 -LEADER |
| fixed length control field |
01585cam a2200217 4500 |
| 001 - CONTROL NUMBER |
| control field |
WB3814-19 |
| 008 - FIXED-LENGTH DATA ELEMENTS--GENERAL INFORMATION |
| fixed length control field |
020418n2002 000 0 eng u |
| 035 ## - SYSTEM CONTROL NUMBER |
| System control number |
(Sirsi) u117559 |
| 245 ## - TITLE STATEMENT |
| Title |
Rentcharge |
| 260 ## - PUBLICATION, DISTRIBUTION, ETC. |
| Date of publication, distribution, etc. |
2002 |
| 490 ## - SERIES STATEMENT |
| Series statement |
Estates Gazette |
| Volume/sequential designation |
[2002] 15 EG 132 (CS) (6/4/02) |
| 520 ## - SUMMARY, ETC. |
| Summary, etc. |
"Orchard Trading Estate Management Ltd v Johnson Security Ltd", CA 26 March 2002. Respondent (J) owned and managed the common part of an industrial estate in Toddington, Gloucestershire. Appellant (O) was the freehold owner of one of the units of the estate. J was entitled to recover from the freeholder rates and service expenditure, but by virtue of the Rentcharges Act 1977 S2(3)(c) estate rentcharges were an exception to the prohibition on the creation of new rentcharges. J tried to recover certain sums under the rentcharge, O contended it was void because it failed to comply with S2(4)(b) 2(5) of the 1977 act. CA upheld hc's decision that S2(4)(6) and 2(5) had been satisfied, appeal dismissed. Full copy of judgement available on http://www.courtservice.gov.uk/View.do?id=1103&searchTerm=Orchard+Trading+Estate+Management&ascending=false&index=1&maxIndex=134. |
| 590 ## - LOCAL NOTE (RLIN) |
| Local note |
WB |
| 650 ## - SUBJECT ADDED ENTRY--TOPICAL TERM |
| Topical term or geographic name entry element |
ORCHARD TRADING ESTATE MANAGEMENT V JOHNSON SECURITY LTD |
| 650 ## - SUBJECT ADDED ENTRY--TOPICAL TERM |
| Topical term or geographic name entry element |
RENTCHARGE |
| 650 ## - SUBJECT ADDED ENTRY--TOPICAL TERM |
| Topical term or geographic name entry element |
RENTCHARGE ACT 1977 S2 |
| 650 ## - SUBJECT ADDED ENTRY--TOPICAL TERM |
| Topical term or geographic name entry element |
ESTATE MANAGEMENT |
| 690 ## - LOCAL SUBJECT ADDED ENTRY--TOPICAL TERM (OCLC, RLIN) |
| Topical term or geographic name as entry element |
LANDLORD AND TENANT-BUSINESS TENANCIES-CASE LAW |
| 856 ## - ELECTRONIC LOCATION AND ACCESS |
| Uniform Resource Identifier |
<a href="https://www.courtservice.gov.uk/View.do?id=1103&searchTerm=Orchard+Trading+Estate+Management&ascending=false&index=1&maxIndex=134">https://www.courtservice.gov.uk/View.do?id=1103&searchTerm=Orchard+Trading+Estate+Management&ascending=false&index=1&maxIndex=134</a> |
| 942 ## - ADDED ENTRY ELEMENTS (KOHA) |
| Suppress in OPAC |
0 |